000 00485cam a2200193ua 4500
001 3044
005 20260515113626.0
008 110922n ii |||gr||||Z||||||asm
040 _cMAIN
082 _a920
100 1 _aRajkhowa, Benudhar,
_eAuthor.
245 1 1 _aMor Jivan dapon
_cby Benudhar Rajkhowa
250 _a1st.
260 _aGuahati:
_bPublication board assam,969.
300 _a231p:
_c23cm.
653 _aBiography
653 _aBiography of Mor Jivan dapon
942 _cBK
999 _c2889
_d2889